000 00474nam a2200181Ia 4500
001 4540
005 20260306145803.0
008 260306t2010||||xx |||||||||||||| ||spa||
041 _aESP
082 _a324.285
_bM582
100 _aMücke, Ulrich
_eAUT
245 0 _aPolítica y burguesía en el Perú:
_bel partido civil antes de la guerra con Chile
260 _c2010
300 _a362 páginas :
_c24 cm.
650 _aGEN
654 _aCDE
942 _cLIB
_dJUS
_fJUS
_2ddc
_n
999 _c4540
_d4540